[Event "Kemerovo-ch"]
[Site "Kemerovo"]
[Date "2011.03.23"]
[Round "9"]
[White "Fanaskov, Vjacheslav"]
[Black "Sazhinov, Alexander"]
[Result "0-1"]
[WhiteElo "2212"]
[BlackElo "2250"]
[PlyCount "94"]
[EventDate "2011.02.20"]
[EventType "swiss"]
[EventRounds "9"]
[EventCountry "RUS"]
[SourceTitle "CBM 141 Extra"]
[Source "ChessBase"]
[SourceDate "2011.05.03"]
[SourceVersion "1"]
[SourceVersionDate "2011.05.03"]
[SourceQuality "1"]

1. Nf3 c5 2. b3 Nf6 3. Bb2 b5 4. e3 a6 5. c4 b4 6. d4 e6 7. Qc2 Bb7 8. Bd3 d6 9. Nbd2 Be7 10. 0-0 h6 11. Rad1 0-0 12. Ne4 Nxe4 13. Bxe4 Qc7 14. dxc5 dxc5 15. Rd2 Nd7 16. Rfd1 Rfd8 17. Bxb7 Qxb7 18. e4 Nf6 19. Bxf6 Bxf6 20. e5 Be7 21. Rxd8+ Rxd8 22. Rxd8+ Bxd8 23. Qd3 Be7 24. h4 Qc6 25. g3 a5 26. Nd2 a4 27. Ne4 axb3 28. axb3 Qc7 29. f4 Qa7 30. Kf2 f5 31. exf6 gxf6 32. Nd2 f5 33. Ke2 Bf6 34. g4 fxg4 35. Qg6+ Qg7 36. Qxg7+ Kxg7 37. h5 Bd4 38. Ne4 Kf7 39. Kf1 Be3 40. Kg2 Bxf4 41. Nxc5 e5 42. Nd3 Ke6 43. Nxb4 e4 44. Nd5 Bd2 45. Kg3 Kf5 46. c5 e3 47. Nf4 Be1+ 0-1

[Event "Kemerovo-ch"]
[Site "Kemerovo"]
[Date "2011.03.10"]
[Round "6"]
[White "Sazhinov, Alexander"]
[Black "Cheremnova, Tamara"]
[Result "0-1"]
[WhiteElo "2250"]
[BlackElo "2221"]
[PlyCount "100"]
[EventDate "2011.02.20"]
[EventType "swiss"]
[EventRounds "9"]
[EventCountry "RUS"]
[SourceTitle "CBM 141 Extra"]
[Source "ChessBase"]
[SourceDate "2011.05.03"]
[SourceVersion "1"]
[SourceVersionDate "2011.05.03"]
[SourceQuality "1"]

1. d4 d5 2. c4 e6 3. Nc3 c6 4. Nf3 dxc4 5. a4 Bb4 6. e3 b5 7. Ne5 Bb7 8. Qf3 Qe7 9. Be2 Nf6 10. Qg3 0-0 11. Bf3 Nd5 12. Bxd5 exd5 13. f4 Nd7 14. Nxd7 Qxd7 15. 0-0 Rfe8 16. Qf3 Bf8 17. f5 b4 18. Ne2 a5 19. g4 c5 20. Ng3 Rac8 21. Bd2 Qc6 22. g5 Qb6 23. Qg4 cxd4 24. exd4 c3 25. bxc3 bxc3 26. Rab1 Qa7 27. Bc1 Ba6 28. Rb5 Bxb5 29. axb5 Rc4 30. Kg2 Rxd4 31. Qf3 Qc7 32. g6 hxg6 33. fxg6 fxg6 34. b6 Qb7 35. Qxc3 Rb4 36. Qd3 d4+ 37. Kh3 Qxb6 38. Rf4 Qe6+ 39. Rg4 a4 40. Kh4 Rb3 41. Qd1 Be7+ 42. Bg5 Bxg5+ 43. Rxg5 d3 44. Rg4 Rb2 45. Qg1 Qe1 46. Qxe1 Rxh2+ 47. Kg5 Rxe1 48. Kxg6 d2 49. Rxa4 Rh6+ 50. Kg5 d1Q 0-1

[Event "Kemerovo-ch"]
[Site "Kemerovo"]
[Date "2010.03.21"]
[Round "9"]
[White "Sazhinov, Alexander"]
[Black "Chigaev, Maksim"]
[Result "0-1"]
[WhiteElo "2308"]
[BlackElo "2166"]
[PlyCount "83"]
[EventDate "2010.03.15"]
[EventType "swiss"]
[EventRounds "9"]
[EventCountry "RUS"]
[SourceTitle "CBM 135 Extra"]
[Source "ChessBase"]
[SourceDate "2010.05.04"]
[SourceVersion "1"]
[SourceVersionDate "2010.05.04"]
[SourceQuality "1"]

1. d4 Nf6 2. Bg5 Ne4 3. Bh4 c5 4. dxc5 Nxc5 5. Nc3 Nc6 6. e4 d6 7. Bc4 Qa5 8. Qd2 Qb4 9. Bd5 e6 10. a3 Qb6 11. b4 Nd7 12. Nge2 Nf6 13. Bb3 Be7 14. f3 Nxe4 15. Nxe4 Bxh4+ 16. g3 Ne5 17. Nxd6+ Ke7 18. 0-0-0 Bf6 19. f4 Nc6 20. c4 Rd8 21. c5 Qa6 22. a4 Nxb4 23. Qxb4 Qxe2 24. Rd2 Qe3 25. Kc2 a5 26. Qc4 Kf8 27. Rhd1 g6 28. g4 b6 29. c6 Ba6 30. Nb5 Bxb5 31. axb5 a4 32. Ba2 Rxd2+ 33. Rxd2 a3 34. f5 Bg5 35. Qb4+ Ke8 36. fxe6 fxe6 37. Rg2 Qf3 38. Rg3 Qe2+ 39. Kb3 Qb2+ 40. Kc4 Qxa2+ 41. Qb3 Qxb3+ 42. Kxb3 0-1

[Event "Kemerovo-ch"]
[Site "Kemerovo"]
[Date "2010.03.19"]
[Round "7"]
[White "Konyshev, Artem"]
[Black "Sazhinov, Alexander"]
[Result "1-0"]
[WhiteElo "2370"]
[BlackElo "2308"]
[PlyCount "79"]
[EventDate "2010.03.15"]
[EventType "swiss"]
[EventRounds "9"]
[EventCountry "RUS"]
[SourceTitle "CBM 135 Extra"]
[Source "ChessBase"]
[SourceDate "2010.05.04"]
[SourceVersion "1"]
[SourceVersionDate "2010.05.04"]
[SourceQuality "1"]

1. c4 Nf6 2. Nc3 c5 3. g3 e6 4. Bg2 Be7 5. Nf3 0-0 6. 0-0 a6 7. d4 cxd4 8. Qxd4 Qc7 9. Rd1 d6 10. b3 Rd8 11. Bb2 Nbd7 12. Rac1 Nf8 13. Na4 Bd7 14. Nb6 Rab8 15. Nxd7 Rxd7 16. Ng5 Qa5 17. Nf3 b5 18. a3 b4 19. axb4 Qxb4 20. Nd2 d5 21. Bc3 Qb7 22. c5 Qb5 23. b4 a5 24. bxa5 Bxc5 25. Qd3 d4 26. Qxb5 Rxb5 27. Ba1 Rc7 28. Bxd4 e5 29. Bxc5 Rcxc5 30. Rxc5 Rxc5 31. Ra1 Rc7 32. a6 Ra7 33. Nc4 N6d7 34. Bc6 Nc5 35. Bb5 Nfd7 36. Na5 f6 37. Bxd7 Nxd7 38. Nc6 Ra8 39. a7 Kf7 40. Rb1 1-0

[Event "Kemerovo-ch"]
[Site "Kemerovo"]
[Date "2010.03.18"]
[Round "5"]
[White "Denisov, Nikolay"]
[Black "Sazhinov, Alexander"]
[Result "0-1"]
[WhiteElo "2121"]
[BlackElo "2308"]
[PlyCount "86"]
[EventDate "2010.03.15"]
[EventType "swiss"]
[EventRounds "9"]
[EventCountry "RUS"]
[SourceTitle "CBM 135 Extra"]
[Source "ChessBase"]
[SourceDate "2010.05.04"]
[SourceVersion "1"]
[SourceVersionDate "2010.05.04"]
[SourceQuality "1"]

1. e4 c5 2. d4 cxd4 3. c3 a6 4. cxd4 d5 5. e5 Nc6 6. Nf3 Bg4 7. Be2 e6 8. 0-0 Bxf3 9. Bxf3 Qb6 10. Be3 Qxb2 11. Nd2 Bb4 12. Rb1 Qa3 13. Nb3 Nge7 14. Bc1 Qa4 15. a3 Bc3 16. Be3 b5 17. Qd3 Ba5 18. Nc5 Qc4 19. Qd1 Bc3 20. Be2 Qa2 21. Qd3 Qc4 22. Qd1 Qa2 23. Bf3 0-0 24. Rb3 b4 25. g4 Na5 26. Rb1 Qxa3 27. Be2 Nc4 28. Bxc4 dxc4 29. Nd7 b3 30. Nxf8 Kxf8 31. f4 Nd5 32. Qf3 Rd8 33. Bf2 b2 34. f5 Bb4 35. Bh4 Rb8 36. fxe6 Qxf3 37. Rxf3 c3 38. Rxf7+ Kg8 39. Rf2 Rc8 40. Bg5 h6 41. Bc1 bxc1Q+ 42. Rxc1 Be7 43. Ra2 Bg5 0-1

[Event "Kemerovo-ch"]
[Site "Kemerovo"]
[Date "2010.03.17"]
[Round "4"]
[White "Sazhinov, Alexander"]
[Black "Fedechkin, Vladimir"]
[Result "0-1"]
[WhiteElo "2308"]
[BlackElo "2036"]
[PlyCount "102"]
[EventDate "2010.03.15"]
[EventType "swiss"]
[EventRounds "9"]
[EventCountry "RUS"]
[SourceTitle "CBM 135 Extra"]
[Source "ChessBase"]
[SourceDate "2010.05.04"]
[SourceVersion "1"]
[SourceVersionDate "2010.05.04"]
[SourceQuality "1"]

1. d4 Nf6 2. Bg5 e6 3. e3 b6 4. c4 Bb7 5. Nc3 Bb4 6. Rc1 0-0 7. Nf3 c5 8. Bd3 h6 9. Bh4 cxd4 10. exd4 d5 11. 0-0 Be7 12. cxd5 Nxd5 13. Nxd5 Bxd5 14. Bxe7 Qxe7 15. Bb1 Nd7 16. Rc3 Nf6 17. Ne5 Rac8 18. Qd3 Be4 19. Qe2 Bxb1 20. Rxb1 Nd5 21. Rg3 Rc7 22. Qg4 Qf6 23. h4 Rfc8 24. Rf3 Qd8 25. Rg3 Qf6 26. Kh2 Ne7 27. Rf3 Nf5 28. Rf4 g6 29. Rd1 h5 30. Qh3 Rc2 31. g4 hxg4 32. Qxg4 Kg7 33. Rd3 Rh8 34. Rh3 Rh5 35. Qd1 Rxb2 36. Ng4 Qd8 37. Qa1 Qd6 38. Rhf3 Rxh4+ 39. Kg2 Qb4 40. Rb3 Qd2 41. Qxb2 Qxf4 42. d5+ Kf8 43. Qa3+ Kg8 44. Nf6+ Kg7 45. Ne8+ Kh6 46. Qf8+ Kg5 47. Rg3+ Nxg3 48. Qe7+ f6 49. Nd6 Rh2+ 50. Kxh2 Ne4+ 51. Kh3 Qh4+ 0-1

[Event "Kemerovo op"]
[Site "Kemerovo"]
[Date "2009.10.18"]
[Round "3"]
[White "Sazhinov, Alexander"]
[Black "Kalashnikov, Aleksandr"]
[Result "1-0"]
[WhiteElo "2327"]
[BlackElo "1844"]
[PlyCount "67"]
[EventDate "2009.10.16"]
[EventType "swiss"]
[EventRounds "9"]
[EventCountry "RUS"]
[SourceTitle "EXT 2010"]
[Source "ChessBase"]
[SourceDate "2010.11.25"]
[SourceVersion "1"]
[SourceVersionDate "2010.11.25"]
[SourceQuality "1"]

1. d4 Nf6 2. Bg5 e6 3. e3 d5 4. Bd3 Nbd7 5. f4 Be7 6. Nd2 c5 7. c3 b6 8. Ngf3 Bb7 9. Ne5 0-0 10. Qf3 Ne8 11. Qh3 f5 12. Bxe7 Qxe7 13. g4 Nd6 14. Ndf3 Ne4 15. g5 a6 16. Qg2 b5 17. Nxd7 Qxd7 18. Ne5 Qe7 19. Bxe4 dxe4 20. Qd2 Rac8 21. 0-0 Rc7 22. Rfd1 Bd5 23. dxc5 Rxc5 24. Qd4 Rfc8 25. Rd2 a5 26. Rad1 Qa7 27. b3 Qe7 28. c4 bxc4 29. bxc4 Bb7 30. Qd8+ Qe8 31. Qb6 R5c7 32. Rd7 Rxd7 33. Rxd7 Bc6 34. Rd6 1-0

[Event "Kemerovo op"]
[Site "Kemerovo"]
[Date "2009.10.16"]
[Round "1"]
[White "Sazhinov, Alexander"]
[Black "Koveshnikova, Daria"]
[Result "1/2-1/2"]
[WhiteElo "2327"]
[BlackElo "2004"]
[PlyCount "95"]
[EventDate "2009.10.16"]
[EventType "swiss"]
[EventRounds "9"]
[EventCountry "RUS"]
[SourceTitle "EXT 2010"]
[Source "ChessBase"]
[SourceDate "2010.11.25"]
[SourceVersion "1"]
[SourceVersionDate "2010.11.25"]
[SourceQuality "1"]

1. d4 d5 2. c4 c6 3. Nc3 a6 4. e3 Nf6 5. Nf3 Bf5 6. a4 e6 7. c5 Be7 8. b4 h6 9. Bb2 0-0 10. Be2 Nbd7 11. 0-0 Ne4 12. Nxe4 dxe4 13. Nd2 Nf6 14. Qb3 Qc7 15. Nc4 Rad8 16. b5 axb5 17. axb5 cxb5 18. Qxb5 Bg4 19. Nb6 Bxe2 20. Qxe2 Nd5 21. Nxd5 Rxd5 22. Ra7 e5 23. Qb5 exd4 24. Bxd4 Bxc5 25. Rxb7 Qd6 26. Bxc5 Rxc5 27. Qb4 Qd5 28. g3 Rfc8 29. Rb8 Rxb8 30. Qxb8+ Kh7 31. Rb1 Qd2 32. Qf4 Rc1+ 33. Rxc1 Qxc1+ 34. Kg2 Qc4 35. g4 Qe6 36. Kg3 g6 37. h4 Kg7 38. Qc7 Qf6 39. Qf4 Qe6 40. g5 h5 41. Kg2 Kh7 42. Kf1 Kg7 43. Ke1 Kh7 44. Ke2 Qd5 45. Ke1 Qc4 46. Qf6 Qc1+ 47. Ke2 Qc2+ 48. Ke1 1/2-1/2

[Event "Kemerovo op 08"]
[Site "Kemerovo"]
[Date "2009.08.26"]
[Round "7"]
[White "Pokazanjev, Nikolai"]
[Black "Sazhinov, Alexander"]
[Result "0-1"]
[WhiteElo "2427"]
[BlackElo "2331"]
[PlyCount "92"]
[EventDate "2009.08.22"]
[EventType "swiss"]
[EventRounds "9"]
[EventCountry "RUS"]
[SourceTitle "EXT 2012"]
[Source "ChessBase"]
[SourceDate "2011.11.24"]
[SourceVersion "1"]
[SourceVersionDate "2011.11.24"]
[SourceQuality "1"]

1. e4 c5 2. Nf3 e6 3. c3 d5 4. e5 Nc6 5. d4 Qb6 6. a3 c4 7. Nbd2 Na5 8. g3 Bd7 9. Bh3 Ne7 10. 0-0 Nc8 11. Ne1 Qc7 12. Ng2 Nb6 13. Ne3 Ba4 14. Qe2 h5 15. Rb1 Nb3 16. Nxb3 cxb3 17. f4 g6 18. Rf2 Nc4 19. Nxc4 Qxc4 20. Qxc4 dxc4 21. Bf1 Bb5 22. Be3 0-0-0 23. Rd1 Be7 24. a4 Ba6 25. d5 Rxd5 26. Rxd5 exd5 27. Bxa7 Kc7 28. Bd4 b5 29. axb5 Bxb5 30. f5 Ra8 31. e6 fxe6 32. fxg6 Rg8 33. g7 Kd6 34. Re2 Bg5 35. Bh3 Bd7 36. Be5+ Ke7 37. Bg2 Bf6 38. Bf4 Kf7 39. Re1 Ra8 40. Bf3 Kxg7 41. Bxh5 Ra2 42. Bc1 d4 43. Rd1 Ba4 44. cxd4 c3 45. bxc3 b2 46. Re1 Ra1 0-1

[Event "Kemerovo op 08"]
[Site "Kemerovo"]
[Date "2009.08.25"]
[Round "6"]
[White "Sazhinov, Alexander"]
[Black "Mikhailov, Vladimir"]
[Result "1-0"]
[WhiteElo "2331"]
[BlackElo "2269"]
[PlyCount "93"]
[EventDate "2009.08.22"]
[EventType "swiss"]
[EventRounds "9"]
[EventCountry "RUS"]
[SourceTitle "EXT 2012"]
[Source "ChessBase"]
[SourceDate "2011.11.24"]
[SourceVersion "1"]
[SourceVersionDate "2011.11.24"]
[SourceQuality "1"]

1. d4 g6 2. e4 Bg7 3. Nc3 d6 4. Be3 c6 5. Qd2 b5 6. h4 h5 7. Nh3 Nd7 8. Ng5 Nb6 9. f3 Nc4 10. Bxc4 bxc4 11. Nd1 d5 12. c3 dxe4 13. Nxe4 Qd5 14. Ndf2 Bf5 15. Nc5 Nf6 16. 0-0 0-0 17. Rfe1 e5 18. Rad1 exd4 19. Bxd4 Rfe8 20. Qf4 Rxe1+ 21. Rxe1 Qd8 22. g4 hxg4 23. fxg4 Nd5 24. Qd2 Bxd4 25. Qxd4 Bd3 26. Ncxd3 cxd3 27. g5 Qb6 28. Nxd3 Qxd4+ 29. cxd4 Rd8 30. Re4 Kf8 31. Kf2 Ne7 32. Nb4 a5 33. Rxe7 axb4 34. Re4 Ra8 35. d5 cxd5 36. Rxb4 Rxa2 37. Ke3 Ra1 38. Kd4 Rd1+ 39. Ke5 Rd2 40. b3 Rd3 41. Rb8+ Kg7 42. b4 Rb3 43. b5 Rb4 44. Kxd5 f5 45. Kc5 Rb1 46. Rb7+ Kg8 47. Rd7 1-0

[Event "Berdsk Maestro op 15th"]
[Site "Berdsk"]
[Date "2009.07.11"]
[Round "4"]
[White "Sazhinov, Alexander"]
[Black "Kusluvan, Yekaterina"]
[Result "1-0"]
[WhiteElo "2331"]
[BlackElo "1887"]
[PlyCount "57"]
[EventDate "2009.07.08"]
[EventType "swiss"]
[EventRounds "9"]
[EventCountry "RUS"]
[SourceTitle "EXT 2022"]
[Source "ChessBase"]
[SourceDate "2021.10.06"]
[SourceVersion "1"]
[SourceVersionDate "2021.10.06"]
[SourceQuality "1"]

1. d4 d5 2. Nf3 Nf6 3. g3 e6 4. Bg2 b5 5. 0-0 Bb7 6. Bg5 c5 7. a4 b4 8. c3 Nbd7 9. Ne5 Be7 10. Re1 Nxe5 11. dxe5 Ng4 12. Bxe7 Qxe7 13. e4 Nxe5 14. exd5 Qd6 15. Qh5 Ng6 16. Nd2 0-0 17. Ne4 Qb6 18. Ng5 h6 19. Nxf7 exd5 20. Bxd5 Bxd5 21. Qxd5 Kh7 22. Re6 Qc7 23. Nd6 Rad8 24. Rae1 Rd7 25. Rxg6 Kxg6 26. Qe4+ Kh5 27. h3 g5 28. g4+ Kh4 29. Qg6 1-0

[Event "Kemerovo-ch"]
[Site "Kemerovo"]
[Date "2009.03.20"]
[Round "7"]
[White "Koltsov, Evgeny"]
[Black "Sazhinov, Alexander"]
[Result "0-1"]
[WhiteElo "2243"]
[BlackElo "2327"]
[PlyCount "125"]
[EventDate "2009.03.16"]
[EventType "swiss"]
[EventRounds "9"]
[EventCountry "RUS"]
[SourceTitle "EXT 2010"]
[Source "ChessBase"]
[SourceDate "2010.11.25"]
[SourceVersion "1"]
[SourceVersionDate "2010.11.25"]
[SourceQuality "1"]

1. d4 Nf6 2. Nf3 d5 3. e3 c5 4. c4 e6 5. Nc3 a6 6. cxd5 Nxd5 7. Bd3 Be7 8. 0-0 0-0 9. Be4 Nf6 10. Qd3 Ra7 11. b3 b5 12. Bb2 cxd4 13. exd4 Rd7 14. Rfd1 b4 15. Na4 Nxe4 16. Qxe4 Bb7 17. Qe2 Bxf3 18. Qxf3 Rd5 19. Rac1 Nd7 20. Qe2 Qa5 21. Ba1 Rd8 22. Qf1 Qb5 23. Rc7 Bf6 24. Qc4 Qb8 25. Re1 a5 26. h3 Nb6 27. Nxb6 Qxb6 28. Rc6 Qb8 29. Rc1 Qf4 30. Rc8 h6 31. Rd1 Rxc8 32. Qxc8+ Rd8 33. Qc4 Rd5 34. Bb2 g6 35. Bc1 Qh4 36. Be3 Kg7 37. Qe2 Kh7 38. Qc4 Qe4 39. Qc7 Kg7 40. Qc1 Bg5 41. Bxg5 hxg5 42. f3 Qe2 43. Qd2 Qxd2 44. Rxd2 e5 45. Kf2 exd4 46. Ke2 Kf6 47. Kd3 Ke5 48. g3 Rc5 49. f4+ Kd5 50. Re2 Rc3+ 51. Kd2 gxf4 52. gxf4 f6 53. Rg2 Ke4 54. Rxg6 Rxh3 55. Rxf6 Rh2+ 56. Ke1 Ke3 57. Re6+ Kxf4 58. Re2 Rxe2+ 59. Kxe2 Ke4 60. Kd2 d3 61. Kd1 Ke3 62. Ke1 d2+ 63. Kd1 0-1

[Event "Kemerovo-ch"]
[Site "Kemerovo"]
[Date "2009.03.19"]
[Round "6"]
[White "Sazhinov, Alexander"]
[Black "Kljucharev, Sergey"]
[Result "1/2-1/2"]
[WhiteElo "2327"]
[BlackElo "2395"]
[PlyCount "93"]
[EventDate "2009.03.16"]
[EventType "swiss"]
[EventRounds "9"]
[EventCountry "RUS"]
[SourceTitle "EXT 2010"]
[Source "ChessBase"]
[SourceDate "2010.11.25"]
[SourceVersion "1"]
[SourceVersionDate "2010.11.25"]
[SourceQuality "1"]

1. d4 d5 2. c4 e6 3. Nc3 Be7 4. Nf3 Nf6 5. Bg5 0-0 6. e3 h6 7. Bxf6 Bxf6 8. b4 dxc4 9. Bxc4 Qe7 10. Rb1 Nd7 11. 0-0 Nb6 12. Qb3 e5 13. dxe5 Bxe5 14. Nxe5 Qxe5 15. Rfd1 Bf5 16. e4 Bg4 17. f3 Bd7 18. Rd3 a5 19. a3 axb4 20. axb4 Qe7 21. Rbd1 Ba4 22. Nxa4 Rxa4 23. Rd7 Nxd7 24. Qxa4 Ne5 25. Be2 g5 26. b5 Rd8 27. Rxd8+ Qxd8 28. Qd1 Qxd1+ 29. Bxd1 Kf8 30. Kf2 Ke7 31. Ke3 f6 32. f4 Ng6 33. g3 Kd6 34. Bc2 Nf8 35. h4 Kc5 36. hxg5 hxg5 37. e5 gxf4+ 38. Kxf4 Ne6+ 39. Ke4 fxe5 40. Kxe5 Ng5 41. Bd3 c6 42. g4 cxb5 43. Kf5 Nf3 44. Be4 Nd2 45. Bd3 Nf3 46. Be4 Nd2 47. Bd3 1/2-1/2

[Event "Kemerovo-ch"]
[Site "Kemerovo"]
[Date "2009.03.17"]
[Round "3"]
[White "Storozhev, Nikolai"]
[Black "Sazhinov, Alexander"]
[Result "0-1"]
[WhiteElo "2030"]
[BlackElo "2327"]
[PlyCount "109"]
[EventDate "2009.03.16"]
[EventType "swiss"]
[EventRounds "9"]
[EventCountry "RUS"]
[SourceTitle "EXT 2010"]
[Source "ChessBase"]
[SourceDate "2010.11.25"]
[SourceVersion "1"]
[SourceVersionDate "2010.11.25"]
[SourceQuality "1"]

1. d4 Nf6 2. Nf3 d5 3. c4 dxc4 4. Nc3 a6 5. a4 c5 6. d5 e6 7. e4 exd5 8. exd5 Bd6 9. Bxc4 0-0 10. 0-0 Bf5 11. Re1 Nbd7 12. h3 Qc7 13. Nh4 Bg6 14. Nxg6 hxg6 15. Be3 Rfe8 16. Rc1 Ne4 17. Nxe4 Rxe4 18. Bd3 Re5 19. b4 Rae8 20. Qb3 Qd8 21. Bd2 Qf6 22. Rxe5 Qxe5 23. g3 Qd4 24. Qc3 Qxd5 25. Bc4 Qf5 26. bxc5 Nxc5 27. Qd4 Bf8 28. Bd5 b6 29. Rc3 Qe5 30. Qc4 Ne6 31. Re3 Qd6 32. Bc3 b5 33. axb5 axb5 34. Qxb5 Rb8 35. Qc4 Nd8 36. Be5 Rb1+ 37. Kg2 Qd7 38. Rb3 Re1 39. Bc3 Rd1 40. Bf3 Rc1 41. Qf4 Rc2 42. Bb4 Qa7 43. Be4 Ne6 44. Qe3 Bc5 45. Bxc5 Rxc5 46. Bf3 Qc7 47. Ra3 Kh7 48. h4 Re5 49. Qc3 Rc5 50. Qe3 Qe7 51. Ra8 g5 52. Qe4+ f5 53. Qe3 g4 54. Be2 Qb7+ 55. Kh2 0-1

[Event "Kemerovo-ch"]
[Site "Kemerovo"]
[Date "2009.03.16"]
[Round "1"]
[White "Borodaenko, Dmitry"]
[Black "Sazhinov, Alexander"]
[Result "0-1"]
[WhiteElo "2079"]
[BlackElo "2327"]
[PlyCount "139"]
[EventDate "2009.03.16"]
[EventType "swiss"]
[EventRounds "9"]
[EventCountry "RUS"]
[SourceTitle "EXT 2010"]
[Source "ChessBase"]
[SourceDate "2010.11.25"]
[SourceVersion "1"]
[SourceVersionDate "2010.11.25"]
[SourceQuality "1"]

1. e4 c5 2. Nf3 a6 3. c3 g6 4. d4 cxd4 5. cxd4 d5 6. exd5 Nf6 7. Nc3 Nxd5 8. Be2 Bg7 9. Qb3 Nxc3 10. bxc3 0-0 11. 0-0 Nc6 12. Bf4 Na5 13. Qa3 Be6 14. Rad1 Bd5 15. Qc5 Rc8 16. Bc7 Qxc7 17. Qxd5 e6 18. Qg5 h6 19. Qe3 Qxc3 20. Rd3 Qb2 21. Rd2 Qb4 22. d5 exd5 23. Rxd5 Rfe8 24. Qd3 Rc3 25. Qd2 Nc6 26. Bd1 a5 27. Bb3 a4 28. Bd1 Qc4 29. Rd7 b5 30. h3 Qb4 31. Qd5 Qc4 32. Qd2 Qc5 33. Rd5 Qb6 34. Re1 Ra8 35. Ne5 Bxe5 36. Rexe5 Nxe5 37. Qxc3 Nc4 38. Be2 Rc8 39. Bxc4 bxc4 40. Rd4 Qf6 41. Kf1 a3 42. Ke1 Kh7 43. Rd3 Qf5 44. Rd1 Qh5 45. Rd7 Re8+ 46. Kf1 Qe2+ 47. Kg1 Qe1+ 48. Qxe1 Rxe1+ 49. Kh2 Kg7 50. Rc7 Re2 51. Rxc4 Rxf2 52. Ra4 Rxa2 53. Kg3 h5 54. Kf3 g5 55. Ra5 Kg6 56. Kg3 f6 57. Ra6 h4+ 58. Kf3 Ra1 59. Kf2 Kf5 60. Ra4 Ke5 61. Ra6 f5 62. Ra5+ Ke4 63. Ra4+ Kd3 64. Ra5 Kc3 65. Rxf5 a2 66. Ra5 Kb3 67. Kf3 Rf1+ 68. Kg4 a1Q 69. Rxa1 Rxa1 70. Kxg5 0-1

[Event "Kuzbass-ch op"]
[Site "Kemerovo"]
[Date "2008.11.21"]
[Round "9"]
[White "Sazhinov, Alexander"]
[Black "Kljucharev, Sergey"]
[Result "1/2-1/2"]
[WhiteElo "2295"]
[BlackElo "2407"]
[PlyCount "119"]
[EventDate "2008.11.14"]
[EventType "swiss"]
[EventRounds "9"]
[EventCountry "RUS"]
[SourceTitle "EXT 2022"]
[Source "ChessBase"]
[SourceDate "2021.10.06"]
[SourceVersion "1"]
[SourceVersionDate "2021.10.06"]
[SourceQuality "1"]

1. c4 e6 2. g3 d5 3. Bg2 Nf6 4. d4 Be7 5. Nf3 0-0 6. b3 dxc4 7. bxc4 c5 8. e3 Qa5+ 9. Nbd2 Nc6 10. 0-0 cxd4 11. exd4 Qc3 12. Rb1 Nxd4 13. Nxd4 Qxd4 14. Bxb7 Rb8 15. Bxc8 Rxb1 16. Nxb1 Qxd1 17. Rxd1 Rxc8 18. Ba3 Kf8 19. Rc1 Ne4 20. Bxe7+ Kxe7 21. f3 Nc5 22. Nd2 Rb8 23. Rc2 e5 24. Kf2 f5 25. h4 Kd6 26. Ke3 g6 27. Nb3 Nxb3 28. Rb2 f4+ 29. gxf4 exf4+ 30. Kf2 Kc5 31. Rxb3 Rb4 32. Ra3 Rb2+ 33. Kg1 Rb7 34. Ra4 h6 35. Ra6 Kxc4 36. Rxg6 Kd3 37. Rxh6 Ke2 38. h5 Rb5 39. Rh8 Rg5+ 40. Kh2 Kxf3 41. h6 Ra5 42. h7 Rxa2+ 43. Kh3 Ra1 44. Kh4 Rh1+ 45. Kg5 Kg3 46. Kf6 Kf2 47. Kg7 Rg1+ 48. Kh6 f3 49. Ra8 Rh1+ 50. Kg7 Ke3 51. Rxa7 Rg1+ 52. Kh6 Rh1+ 53. Kg7 f2 54. Re7+ Kd3 55. Rf7 Rg1+ 56. Kh6 f1Q 57. Rxf1 Rxf1 58. h8Q Rh1+ 59. Kg7 Rxh8 60. Kxh8 1/2-1/2

[Event "Kuzbass-ch op"]
[Site "Kemerovo"]
[Date "2008.11.18"]
[Round "6"]
[White "Sazhinov, Alexander"]
[Black "Emeljashin, Yury"]
[Result "1-0"]
[WhiteElo "2295"]
[BlackElo "2074"]
[PlyCount "75"]
[EventDate "2008.11.14"]
[EventType "swiss"]
[EventRounds "9"]
[EventCountry "RUS"]
[SourceTitle "EXT 2022"]
[Source "ChessBase"]
[SourceDate "2021.10.06"]
[SourceVersion "1"]
[SourceVersionDate "2021.10.06"]
[SourceQuality "1"]

1. d4 g6 2. e4 Bg7 3. Be3 c5 4. c3 Nf6 5. f3 cxd4 6. cxd4 0-0 7. Nc3 d6 8. Qd2 Re8 9. Bd3 Nc6 10. Nge2 e5 11. d5 Ne7 12. 0-0 h5 13. Rfc1 Bd7 14. Nb5 Bxb5 15. Bxb5 Rf8 16. Rc2 a6 17. Bd3 Qd7 18. Qb4 Rfc8 19. Rxc8+ Rxc8 20. a4 Kh7 21. Ra3 Bh6 22. Bxh6 Kxh6 23. Rb3 Rc7 24. Nc3 Ne8 25. a5 f5 26. f4 exf4 27. exf5 Nxf5 28. Qxf4+ Kg7 29. Rb6 Qf7 30. h3 Qf6 31. Ne2 Rd7 32. Bxf5 Qxf5 33. Qb4 Qxd5 34. Nf4 Qd1+ 35. Kh2 Kh6 36. Qe4 Rg7 37. Qxe8 Qd4 38. Qh8+ 1-0

[Event "RUS-chT U26"]
[Site "Belgorod"]
[Date "2008.10.08"]
[Round "4"]
[White "Airapetian, Gor"]
[Black "Sazhinov, Alexander"]
[Result "0-1"]
[WhiteElo "2378"]
[BlackElo "2295"]
[PlyCount "120"]
[EventDate "2008.10.05"]
[EventType "team"]
[EventRounds "9"]
[EventCountry "RUS"]
[SourceTitle "EXT 2010"]
[Source "ChessBase"]
[SourceDate "2010.11.25"]
[SourceVersion "1"]
[SourceVersionDate "2010.11.25"]
[SourceQuality "1"]

1. e4 c5 2. Nf3 e6 3. b3 a6 4. Bb2 b5 5. d4 cxd4 6. Nxd4 Bb7 7. Bd3 Qc7 8. Qe2 Nc6 9. 0-0 Nxd4 10. Bxd4 e5 11. Bb2 Nf6 12. a4 b4 13. c3 bxc3 14. Nxc3 Bc5 15. Rfc1 Qa5 16. Nd5 Bxd5 17. exd5 d6 18. Bc3 Bb4 19. Bxb4 Qxb4 20. Bxa6 0-0 21. Bc4 Rfb8 22. Qe1 Ra5 23. Qxb4 Rxb4 24. Kf1 Kf8 25. Ke2 Ke7 26. Rd1 Ne4 27. Rac1 f5 28. h4 Kf6 29. g3 h6 30. Rf1 Nc5 31. Rc3 Ra7 32. Kd1 g5 33. Kc2 gxh4 34. gxh4 f4 35. Bb5 e4 36. Rc4 Rxc4+ 37. Bxc4 Ke5 38. Rg1 Kd4 39. Rd1+ Ke5 40. Rg1 Kd4 41. Rd1+ Ke5 42. Kc3 f3 43. Rg1 e3 44. fxe3 f2 45. Rg4 Ne4+ 46. Kc2 h5 47. Rf4 Rg7 48. Kd3 f1Q+ 49. Rxf1 Rg2 50. Bb5 Rb2 51. Kc4 Rh2 52. Bc6 Nd2+ 53. Kb5 Nxf1 54. a5 Nxe3 55. a6 Nxd5 56. a7 Ra2 57. a8N Rxa8 58. Bxa8 Nc7+ 59. Kc6 Nxa8 60. b4 d5 0-1

[Event "RUS-chT U26"]
[Site "Belgorod"]
[Date "2008.10.07"]
[Round "3"]
[White "Sazhinov, Alexander"]
[Black "Strekha, Igor"]
[Result "1-0"]
[WhiteElo "2295"]
[BlackElo "2111"]
[PlyCount "55"]
[EventDate "2008.10.05"]
[EventType "team"]
[EventRounds "9"]
[EventCountry "RUS"]
[SourceTitle "EXT 2010"]
[Source "ChessBase"]
[SourceDate "2010.11.25"]
[SourceVersion "1"]
[SourceVersionDate "2010.11.25"]
[SourceQuality "1"]

1. d4 Nf6 2. Bg5 d5 3. e3 Ne4 4. Bh4 g5 5. f3 gxh4 6. fxe4 dxe4 7. Qh5 Qd6 8. Nc3 Qh6 9. Qe2 f5 10. 0-0-0 Bg7 11. Nh3 c6 12. Nf4 e6 13. g4 hxg3 14. Bh3 g2 15. Rhg1 Nd7 16. Rxg2 Nf6 17. Rdg1 Rg8 18. Qc4 Kf7 19. Bxf5 Nd5 20. Ncxd5 exd5 21. Nxd5 Bxf5 22. Nc7+ Ke7 23. Qc5+ Kd7 24. Nxa8 Qxe3+ 25. Kb1 Bg6 26. Qxa7 Rxa8 27. Qxb7+ Kd6 28. Qxg7 1-0